23 Oldest Words in the English Language - Statistics

General Stats
  • This quiz has been taken 314 times
  • The average score is 5 of 23
Answer Stats
# Word % Correct
2 I
76%
7 WHO
56%
5 WE
47%
9 WHAT
46%
11 YE
38%
1 THOU
33%
10 MAN/MALE
31%
14 HEAR
27%
4 THAT
27%
8 THIS
21%
3 NOT
18%
13 MOTHER
16%
12 OLD
16%
16 FIRE
10%
6 GIVE
10%
15 HAND
9%
18 BLACK
7%
19 FLOW
4%
17 PULL
4%
23 WORM
3%
21 ASHES
2%
20 BARK
2%
22 SPIT
2%
No matching quizzes found
Score Distribution
Percent of People with Each Score
Percentile by Number Answered
Your Score History
You have not taken this quiz